<?xml version="1.0" encoding="UTF-8"?>
<record
    xmlns:xsi="http://www.w3.org/2001/XMLSchema-instance"
    xsi:schemaLocation="http://www.loc.gov/MARC21/slim http://www.loc.gov/standards/marcxml/schema/MARC21slim.xsd"
    xmlns="http://www.loc.gov/MARC21/slim">

  <leader>00513nam a2200157Ia 4500</leader>
  <controlfield tag="008">231217s9999    xx            000 0 und d</controlfield>
  <datafield tag="020" ind1=" " ind2=" ">
    <subfield code="a">1-86197-513-9</subfield>
  </datafield>
  <datafield tag="041" ind1=" " ind2=" ">
    <subfield code="a">English</subfield>
  </datafield>
  <datafield tag="082" ind1=" " ind2=" ">
    <subfield code="a">658.4012  GRO  R</subfield>
  </datafield>
  <datafield tag="100" ind1=" " ind2=" ">
    <subfield code="a">Grove, Andrew S</subfield>
  </datafield>
  <datafield tag="245" ind1=" " ind2="0">
    <subfield code="a">Only the paranoid survive : how to exploit the crisis points that challenge every company and career</subfield>
  </datafield>
  <datafield tag="260" ind1=" " ind2=" ">
    <subfield code="c">1996</subfield>
    <subfield code="b">Profile</subfield>
    <subfield code="a">London</subfield>
  </datafield>
  <datafield tag="300" ind1=" " ind2=" ">
    <subfield code="a">xii+210</subfield>
  </datafield>
  <datafield tag="650" ind1=" " ind2=" ">
    <subfield code="a">Only,paranoid,survive,:,exploit,crisis,points,challenge,every,company</subfield>
  </datafield>
  <datafield tag="942" ind1=" " ind2=" ">
    <subfield code="c">AA</subfield>
  </datafield>
  <datafield tag="999" ind1=" " ind2=" ">
    <subfield code="c">176781</subfield>
    <subfield code="d">176781</subfield>
  </datafield>
  <datafield tag="952" ind1=" " ind2=" ">
    <subfield code="r">2024-01-26 00:00:00</subfield>
    <subfield code="l">0</subfield>
    <subfield code="o">658.4012  GRO  R</subfield>
    <subfield code="p">39504</subfield>
    <subfield code="v">200.00</subfield>
    <subfield code="w">2024-01-26</subfield>
    <subfield code="y">AA</subfield>
    <subfield code="1">0</subfield>
    <subfield code="4">0</subfield>
    <subfield code="7">0</subfield>
    <subfield code="8">MBA</subfield>
    <subfield code="0">0</subfield>
    <subfield code="a">ML</subfield>
    <subfield code="b">ML</subfield>
    <subfield code="c">MBA</subfield>
    <subfield code="d">2005-12-16</subfield>
    <subfield code="e">Surya Infotainment Products Pvt. Ltd.</subfield>
    <subfield code="g">250.00</subfield>
    <subfield code="E">MBA</subfield>
    <subfield code="K">0506/1512</subfield>
    <subfield code="L">11/09/2004</subfield>
    <subfield code="G">RS</subfield>
    <subfield code="F">1</subfield>
    <subfield code="V">50</subfield>
    <subfield code="W">20</subfield>
  </datafield>
</record>
